<?xml version="1.0" encoding="UTF-8"?>
<marc:record xmlns:marc="http://www.loc.gov/MARC21/slim">
   <marc:leader>00000nam a2200000 a 4500</marc:leader>
   <marc:datafield ind1="1" ind2=" " tag="100">
      <marc:subfield code="a">Leben, Bonnie</marc:subfield>
      <marc:subfield code="4">aut</marc:subfield>
      <marc:subfield code="e">Verfasser/-in</marc:subfield>
   </marc:datafield>
   <marc:datafield ind1="0" ind2="0" tag="245">
      <marc:subfield code="a">Eine Bonnie kommt niemals allein</marc:subfield>
   </marc:datafield>
   <marc:datafield ind1="0" ind2="0" tag="245">
      <marc:subfield code="b">Meine Leben mit dissoziativer Identitätsstörung</marc:subfield>
   </marc:datafield>
   <marc:datafield ind1="0" ind2="0" tag="245">
      <marc:subfield code="c">Bonnie Leben</marc:subfield>
   </marc:datafield>
   <marc:datafield ind1=" " ind2="1" tag="264">
      <marc:subfield code="a">München</marc:subfield>
      <marc:subfield code="b">Heyne</marc:subfield>
      <marc:subfield code="c">2024</marc:subfield>
   </marc:datafield>
   <marc:datafield ind1=" " ind2=" " tag="250">
      <marc:subfield code="a">Originalausgabe</marc:subfield>
   </marc:datafield>
   <marc:datafield ind1="1" ind2=" " tag="520">
      <marc:subfield code="a">Mit 18 erhielt sie eine Erklärung für die Gedächtnislücken und Blackouts, für die Schwere in ihrem Leben, die endlich Licht ins Dunkel brachte: Bonnie hat eine Dissoziative Identitätsstörung, früher auch multiple Persönlichkeitsstörung genannt. Sie weiß seitdem: Sie ist Viele. Viele unterschiedliche Personen leben in ihrem Körper: eine komplexe Reaktion auf schwere Kindheits-Traumata, zugleich ein wichtiger Überlebensmechanismus und eine große Last. Wie lebt man sein Leben, wenn man sich den Körper und die Lebenszeit mit anderen teilen muss? Was für Probleme und Strategien ergeben sich im Alltag und wie geht man damit um? Die Geschichte der Bonnies zeigt ihre Stärke und Resilienz, beantwortet zahlreiche Fragen zu einer faszinierenden Lebensrealität und informiert fundiert über eine Diagnose, die für viele nur in vagen Umrissen existiert.</marc:subfield>
   </marc:datafield>
   <marc:datafield ind1=" " ind2=" " tag="020">
      <marc:subfield code="a">9783453606951</marc:subfield>
      <marc:subfield code="9">9783453606951</marc:subfield>
   </marc:datafield>
   <marc:datafield ind1=" " ind2=" " tag="020">
      <marc:subfield code="a">3453606957</marc:subfield>
      <marc:subfield code="9">3453606957</marc:subfield>
   </marc:datafield>
   <marc:datafield ind1=" " ind2=" " tag="041">
      <marc:subfield code="a">ger</marc:subfield>
   </marc:datafield>
   <marc:datafield ind1=" " ind2=" " tag="300">
      <marc:subfield code="a">256 Seiten</marc:subfield>
   </marc:datafield>
</marc:record>
